000 00337nam a2200157Ia 4500
100 _aWeiss/Sholom M/ Indurkhya N
942 _cRB
366 _f20
654 _adata mining
245 _aPredictive Data mining
260 _bMorgan kaufmann pub
_c1998
082 _a5.74
_bWEI
300 _a228
546 _aENGLISH
999 _c23891
_d23891